000 01246cam a2200409 4500
008 020416n1999 000 0 eng u
020 _a1841130133
035 _a(Sirsi) u117494
041 _aeng.
050 _a346.41043
100 _aSparkes, Peter
245 2 _aA new land law
260 _aOxford
_bHart
_c1999
300 _acxvi,742p.
_c24cm.
350 _a26.99
520 _aDesigned to provide a balanced approach ot the exposition of land law, as it stands after the enactment of the Trusts of Land and Appointment of Trustees Act 1996 and the Land Registration Act of 1997. Also considers how land law should look in the years to come.
590 _aSuperseded by second edition (ISBN 1841133809).
650 _aLAND REGISTER
650 _aESTATES
650 _aSALE OF LAND
650 _aTRUSTS OF LAND
650 _aBURDENS
650 _aPROPRIETARY ESTOPPEL
650 _aCO-OWNERSHIP
650 _aOCCUPATION RIGHTS
650 _aLICENCES
650 _aLONG LEASES
650 _aSHORT TENANCIES
650 _aMORTGAGES
650 _aEASEMENTS
650 _aPLANNING
650 _aPRESCRIPTION
650 _aADVERSE POSSESSION
650 _aCOVENANTS
690 _aPROPERTY
942 _n0
999 _c102006
_d102006